GTA V - Statistics

General Stats
  • This quiz has been taken 17,698 times
  • The average score is 10 of 13
Answer Stats
Hint Answer % Correct
Main character Franklin
100%
Main character Trevor
99%
Main character Michael
98%
Franklin's best friend Lamar
94%
City in which the game takes place Los Santos
87%
Trevor thought he was alive Brad
72%
Works for the person above, sort of Michael's friend Dave
72%
Private military company Merryweather
70%
Associate of Michael and Trevor Lester
66%
Corrupt FIB agent, and the main villain Steve
62%
Other main villain, billionaire Devin Weston
61%
The FIB's rival agency IAA
52%
Tortured by Trevor in 'By the Book' Ferdinand Kerimov
31%
No matching quizzes found
Score Distribution
Percent of People with Each Score
Percentile by Number Answered
Your Score History
You have not taken this quiz